[Event "Kragero Resort Chess A 2019"]
[Site "Kragero"]
[Date "2019.02.21"]
[Round "2.19"]
[White "Fossum, Oystein Boyum"]
[Black "Osmak, Iulija"]
[Result "1/2-1/2"]
[WhiteElo "2250"]
[BlackElo "2394"]
[Annotator "NA"]
[PlyCount "120"]
[EventDate "2019.02.20"]
[EventType "swiss"]
[EventCountry "NOR"]
[SourceTitle "playchess.com"]
[Source "ChessBase"]
[SourceQuality "1"]
[TimeControl "5400+30"]

1. Nf3 {[%emt 0:00:00]} d5 {[%emt 0:00:00]} 2. c4 {[%emt 0:00:06]} c6 {[%emt 0:00:14]} 3. g3 {[%emt 0:00:59]} Nf6 {[%emt 0:02:34]} 4. Bg2 {[%emt 0:00:37]} Bf5 {[%emt 0:02:43]} 5. cxd5 {[%emt 0:06:04]} cxd5 {[%emt 0:00:48]} 6. Qb3 {[%emt 0:00:24]} Nc6 {[%emt 0:00:57]} 7. d3 {[%emt 0:02:52]} e5 {[%emt 0:02:24]} 8. O-O {[%emt 0:02:23]} Qd7 {[%emt 0:03:08]} 9. Bg5 {[%emt 0:12:25]} Be7 {[%emt 0:01:01]} 10. Nc3 {[%emt 0:13:27]} d4 {[%emt 0:26:55]} 11. Bxf6 {[%emt 0:04:24]} Bxf6 {[%emt 0:00:13]} 12. Nd5 {[%emt 0:01:36]} Bd8 {[%emt 0:01:10]} 13. Nb4 {[%emt 0:09:56]} Be6 {[%emt 0:05:06]} 14. Qa4 {[%emt 0:01:11]} Nb8 {[%emt 0:03:59]} 15. Qxd7+ {[%emt 0:08:12]} Nxd7 {[%emt 0:00:28]} 16. Nd2 {[%emt 0:00:44]} Ba5 {[%emt 0:15:56]} 17. a3 {[%emt 0:01:17]} O-O-O {[%emt 0:01:00]} 18. Ne4 {[%emt 0:07:14]} Kb8 {[%emt 0:07:02]} 19. Nd6 {[%emt 0:20:21]} Nc5 {[%emt 0:00:54]} 20. Nxb7 {[%emt 0:00:36]} Nxb7 {[%emt 0:00:52]} 21. Nc6+ {[%emt 0:00:21]} Kc7 {[%emt 0:00:40]} 22. Rfc1 {[%emt 0:01:06]} Kd6 {[%emt 0:01:54]} 23. Nxa7 {[%emt 0:02:18]} Bd5 {[%emt 0:03:57]} 24. b4 {[%emt 0:00:33]} Bb6 {[%emt 0:01:06]} 25. Nb5+ {[%emt 0:00:20]} Ke7 {[%emt 0:01:05]} 26. a4 {[%emt 0:00:42]} Bxg2 {[%emt 0:01:33]} 27. Kxg2 {[%emt 0:00:06]} Nd6 {[%emt 0:08:46]} 28. Nxd6 {[%emt 0:01:49]} Rxd6 {[%emt 0:01:20]} 29. a5 {[%emt 0:00:08]} Bd8 {[%emt 0:01:31]} 30. Rc5 {[%emt 0:02:11]} Ke6 {[%emt 0:01:00]} 31. Rc8 {[%emt 0:00:26]} Kd7 {[%emt 0:01:31]} 32. Rac1 {[%emt 0:00:22]} Re8 {[%emt 0:00:32]} 33. Rb8 {[%emt 0:00:18]} Bg5 {[%emt 0:02:48]} 34. Rb7+ {[%emt 0:00:36]} Ke6 {[%emt 0:00:05]} 35. Rcc7 {[%emt 0:00:48]} Re7 {[%emt 0:01:46]} 36. Rxe7+ {[%emt 0:00:21]} Bxe7 {[%emt 0:00:01]} 37. b5 {[%emt 0:00:27]} Rd7 {[%emt 0:00:04]} 38. Rb8 {[%emt 0:00:41]} Rd8 {[%emt 0:00:17]} 39. Rb7 {[%emt 0:00:19]} Rd7 {[%emt 0:00:17]} 40. Rb8 {[%emt 0:00:16]} Ra7 {[%emt 0:01:51]} 41. a6 {[%emt 0:00:25]} Bd6 {[%emt 0:00:04]} 42. Rh8 {[%emt 0:00:51]} h6 {[%emt 0:00:22]} 43. g4 {[%emt 0:00:22]} Kd5 {[%emt 0:00:16]} 44. Rc8 {[%emt 0:00:16]} Ke6 {[%emt 0:00:56]} 45. h4 {[%emt 0:00:53]} Kd7 {[%emt 0:00:15]} 46. Rg8 {[%emt 0:00:31]} Kc7 {[%emt 0:01:07]} 47. Rxg7 {[%emt 0:00:30]} Kb6 {[%emt 0:00:04]} 48. Rh7 {[%emt 0:00:36]} Kxb5 {[%emt 0:00:55]} 49. Rxh6 {[%emt 0:00:05]} Rxa6 {[%emt 0:00:05]} 50. Rf6 {[%emt 0:01:01]} Be7 {[%emt 0:00:37]} 51. Rxf7 {[%emt 0:00:29]} Bxh4 {[%emt 0:00:06]} 52. Rf5 {[%emt 0:00:16]} Rf6 {[%emt 0:01:03]} 53. Rxe5+ {[%emt 0:00:24]} Kc6 {[%emt 0:00:12]} 54. Rf5 {[%emt 0:00:30]} Rxf5 {[%emt 0:00:56]} 55. gxf5 {[%emt 0:00:03]} Kd5 {[%emt 0:00:05]} 56. e3 {[%emt 0:01:07]} Ke5 {[%emt 0:00:26]} 57. Kf3 {[%emt 0:00:40]} Kxf5 {[%emt 0:00:09]} 58. exd4 {[%emt 0:00:10]} Bf6 {[%emt 0:00:34]} 59. Ke3 {[%emt 0:00:43]} Bg5+ {[%emt 0:00:04]} 60. Kf3 {[%emt 0:00:04]} Bf6 {[%emt 0:00:03] Ke4+ [%emt 00:00:08] Ke5+} 1/2-1/2

[Event "Kragero Resort Chess A 2019"]
[Site "Kragero"]
[Date "2019.02.21"]
[Round "2.20"]
[White "Doluhanova, Evgeniya"]
[Black "Aarnes, Eirik"]
[Result "1/2-1/2"]
[WhiteElo "2348"]
[BlackElo "1843"]
[Annotator "NA"]
[PlyCount "61"]
[EventDate "2019.02.20"]
[EventType "swiss"]
[EventCountry "NOR"]
[SourceTitle "playchess.com"]
[Source "ChessBase"]
[SourceQuality "1"]
[TimeControl "5400+30"]

1. d4 {[%emt 0:00:36]} d5 {[%emt 0:00:00]} 2. Bf4 {[%emt 0:00:09]} Nf6 {[%emt 0:00:00]} 3. e3 {[%emt 0:00:35]} e6 {[%emt 0:00:05]} 4. Nd2 {[%emt 0:00:06]} c5 {[%emt 0:00:11]} 5. c3 {[%emt 0:00:07]} Bd6 {[%emt 0:00:06]} 6. Bg3 {[%emt 0:01:09]} Qc7 {[%emt 0:00:32]} 7. Ngf3 {[%emt 0:00:10]} Nbd7 {[%emt 0:00:12]} 8. Bd3 {[%emt 0:00:33]} b6 {[%emt 0:03:07]} 9. O-O {[%emt 0:01:40]} O-O {[%emt 0:00:26]} 10. c4 {[%emt 0:07:44]} cxd4 {[%emt 0:09:47]} 11. exd4 {[%emt 0:00:39]} Bb7 {[%emt 0:17:23]} 12. Rc1 {[%emt 0:07:36]} Rac8 {[%emt 0:00:41]} 13. cxd5 {[%emt 0:09:04]} Qxc1 {[%emt 0:02:49]} 14. Qxc1 {[%emt 0:02:20]} Rxc1 {[%emt 0:00:04]} 15. Rxc1 {[%emt 0:00:06]} Bxg3 {[%emt 0:00:07]} 16. dxe6 {[%emt 0:01:55]} Bxf2+ {[%emt 0:09:09]} 17. Kxf2 {[%emt 0:00:11]} fxe6 {[%emt 0:00:04]} 18. Rc7 {[%emt 0:00:28]} Bd5 {[%emt 0:01:39]} 19. Rxa7 {[%emt 0:00:40]} Nb8 {[%emt 0:10:59]} 20. Bc4 {[%emt 0:05:26]} Nc6 {[%emt 0:00:58]} 21. Ra3 {[%emt 0:01:36]} Nb4 {[%emt 0:13:34]} 22. Rb3 {[%emt 0:04:26]} Nc2 {[%emt 0:04:56]} 23. Rxb6 {[%emt 0:01:27]} Nxd4 {[%emt 0:00:11]} 24. Bxd5 {[%emt 0:01:58]} Nxd5 {[%emt 0:00:06]} 25. Rb7 {[%emt 0:01:25]} g5 {[%emt 0:09:38]} 26. h3 {[%emt 0:21:03]} h5 {[%emt 0:00:04]} 27. Kg1 {[%emt 0:04:21]} Ne2+ {[%emt 0:00:16]} 28. Kf2 {[%emt 0:08:55]} Nd4 {[%emt 0:00:04]} 29. Kg1 {[%emt 0:15:07]} Ne2+ {[%emt 0:00:04]} 30. Kf2 {[%emt 0:00:54]} Nd4 {[%emt 0:00:05]} 31. Kg1 {[%emt 0:00:13]} 1/2-1/2

[Event "Kragero Resort Chess A 2019"]
[Site "Kragero"]
[Date "2019.02.21"]
[Round "2.21"]
[White "Mashinskaya, Iulia"]
[Black "Sidali, Elias Hulleberg"]
[Result "1/2-1/2"]
[WhiteElo "2261"]
[BlackElo "1840"]
[Annotator "NA"]
[PlyCount "70"]
[EventDate "2019.02.20"]
[EventType "swiss"]
[EventCountry "NOR"]
[SourceTitle "playchess.com"]
[Source "ChessBase"]
[SourceQuality "1"]
[TimeControl "5400+30"]

1. d4 {[%emt 0:01:35]} Nf6 {[%emt 0:00:00]} 2. Nc3 {[%emt 0:00:09]} d5 {[%emt 0:00:00]} 3. Bg5 {[%emt 0:00:12]} Nbd7 {[%emt 0:00:00]} 4. e3 {[%emt 0:05:25]} h6 {[%emt 0:00:00]} 5. Bf4 {[%emt 0:01:21]} a6 {[%emt 0:02:10]} 6. Nf3 {[%emt 0:02:07]} e6 {[%emt 0:01:05]} 7. Bd3 {[%emt 0:06:17]} c5 {[%emt 0:00:11]} 8. O-O {[%emt 0:04:18]} Be7 {[%emt 0:02:05]} 9. Re1 {[%emt 0:06:55]} O-O {[%emt 0:02:51]} 10. Ne5 {[%emt 0:05:28]} c4 {[%emt 0:08:29]} 11. Bf1 {[%emt 0:12:02]} Bb4 {[%emt 0:00:53]} 12. Nxd7 {[%emt 0:08:42]} Bxd7 {[%emt 0:01:04]} 13. Be5 {[%emt 0:08:12]} Bxc3 {[%emt 0:04:08]} 14. Bxf6 {[%emt 0:02:17]} Qxf6 {[%emt 0:01:00]} 15. bxc3 {[%emt 0:00:06]} Qg6 {[%emt 0:07:06]} 16. Rb1 {[%emt 0:09:20]} b5 {[%emt 0:00:21]} 17. f4 {[%emt 0:05:46]} f5 {[%emt 0:00:55]} 18. Be2 {[%emt 0:00:26]} Qf6 {[%emt 0:02:58]} 19. Rf1 {[%emt 0:06:50]} Be8 {[%emt 0:00:55]} 20. g3 {[%emt 0:01:55]} Qe7 {[%emt 0:01:52]} 21. Qc1 {[%emt 0:00:31]} g5 {[%emt 0:01:12]} 22. Kf2 {[%emt 0:02:12]} Kg7 {[%emt 0:01:47]} 23. Rh1 {[%emt 0:01:33]} g4 {[%emt 0:00:26]} 24. h3 {[%emt 0:00:49]} h5 {[%emt 0:00:08]} 25. Qb2 {[%emt 0:02:35]} Bc6 {[%emt 0:02:32]} 26. hxg4 {[%emt 0:00:56]} hxg4 {[%emt 0:00:03]} 27. Rh4 {[%emt 0:01:04]} Rh8 {[%emt 0:00:15]} 28. Rbh1 {[%emt 0:00:21]} Rxh4 {[%emt 0:02:21]} 29. Rxh4 {[%emt 0:00:02]} Rh8 {[%emt 0:01:00]} 30. Rxh8 {[%emt 0:00:30]} Kxh8 {[%emt 0:00:09]} 31. Qb4 {[%emt 0:03:06]} Qxb4 {[%emt 0:00:12]} 32. cxb4 {[%emt 0:00:05]} Kg7 {[%emt 0:00:13]} 33. c3 {[%emt 0:00:27]} Kh8 {[%emt 0:00:07]} 34. Ke1 {[%emt 0:01:02]} Kg7 {[%emt 0:00:08]} 35. Kd2 {[%emt 0:00:14]} Kf6 {[%emt 0:00:07]} 1/2-1/2

[Event "Kragero Resort Chess A 2019"]
[Site "Kragero"]
[Date "2019.02.21"]
[Round "2.22"]
[White "Hobber, Anders"]
[Black "Harstad, Christian"]
[Result "1-0"]
[WhiteElo "2312"]
[BlackElo "1948"]
[Annotator "NA"]
[PlyCount "77"]
[EventDate "2019.02.20"]
[EventType "swiss"]
[EventCountry "NOR"]
[SourceTitle "playchess.com"]
[Source "ChessBase"]
[SourceQuality "1"]
[TimeControl "5400+30"]

1. d4 {[%emt 0:02:44]} Nf6 {[%emt 0:00:00]} 2. Bf4 {[%emt 0:00:20]} e6 {[%emt 0:00:00]} 3. e3 {[%emt 0:00:15]} c5 {[%emt 0:03:30]} 4. Nd2 {[%emt 0:00:49]} Nc6 {[%emt 0:01:16]} 5. Ngf3 {[%emt 0:01:26]} d5 {[%emt 0:00:42]} 6. c3 {[%emt 0:00:17]} Bd6 {[%emt 0:00:58]} 7. Bg3 {[%emt 0:00:08]} Bxg3 {[%emt 0:02:14]} 8. hxg3 {[%emt 0:00:28]} Qb6 {[%emt 0:10:11]} 9. Rb1 {[%emt 0:01:39]} Bd7 {[%emt 0:07:54]} 10. Bd3 {[%emt 0:01:42]} cxd4 {[%emt 0:02:25]} 11. exd4 {[%emt 0:01:12]} Qc7 {[%emt 0:04:02]} 12. Qe2 {[%emt 0:01:58]} O-O-O {[%emt 0:04:20]} 13. Ne5 {[%emt 0:02:43]} Nxe5 {[%emt 0:05:54]} 14. dxe5 {[%emt 0:01:13]} Ne8 {[%emt 0:01:03]} 15. f4 {[%emt 0:03:55]} f6 {[%emt 0:16:25]} 16. Nf3 {[%emt 0:02:16]} h6 {[%emt 0:07:01]} 17. O-O {[%emt 0:03:25]} Qc5+ {[%emt 0:04:44]} 18. Qf2 {[%emt 0:12:03]} Qxf2+ {[%emt 0:00:30]} 19. Kxf2 {[%emt 0:00:15]} Rf8 {[%emt 0:08:47]} 20. Ke3 {[%emt 0:01:31]} f5 {[%emt 0:05:04]} 21. Nd4 {[%emt 0:01:34]} Nc7 {[%emt 0:01:07]} 22. Be2 {[%emt 0:02:06]} g5 {[%emt 0:03:46]} 23. Rh1 {[%emt 0:01:50]} Rh8 {[%emt 0:02:02]} 24. Rh2 {[%emt 0:01:16]} gxf4+ {[%emt 0:05:08]} 25. gxf4 {[%emt 0:00:10]} Rdg8 {[%emt 0:00:08]} 26. Rbh1 {[%emt 0:05:34]} Rg6 {[%emt 0:00:19]} 27. Kf2 {[%emt 0:00:38]} a6 {[%emt 0:01:20]} 28. g4 {[%emt 0:07:18]} fxg4 {[%emt 0:01:14]} 29. Kg3 {[%emt 0:00:02]} Bb5 {[%emt 0:01:24]} 30. Nxb5 {[%emt 0:00:25]} axb5 {[%emt 0:00:23]} 31. Bd3 {[%emt 0:00:11]} Rg7 {[%emt 0:00:37]} 32. Rxh6 {[%emt 0:00:03]} Rhg8 {[%emt 0:00:33]} 33. Rh8 {[%emt 0:03:23]} Na6 {[%emt 0:00:32]} 34. f5 {[%emt 0:07:45]} exf5 {[%emt 0:00:34]} 35. Bxf5+ {[%emt 0:00:02]} Kc7 {[%emt 0:00:33]} 36. R1h7 {[%emt 0:02:20]} Rxh7 {[%emt 0:00:40]} 37. Rxh7+ {[%emt 0:00:33]} Kc6 {[%emt 0:00:31]} 38. b4 {[%emt 0:00:38]} Nc7 {[%emt 0:00:33]} 39. Rh6+ {[%emt 0:00:08]} 1-0

[Event "Kragero Resort Chess A 2019"]
[Site "Kragero"]
[Date "2019.02.21"]
[Round "2.23"]
[White "Skotheim, Andreas"]
[Black "Schouten, Mathias Lind"]
[Result "0-1"]
[WhiteElo "2168"]
[BlackElo "1943"]
[Annotator "NA"]
[PlyCount "69"]
[EventDate "2019.02.20"]
[EventType "swiss"]
[EventCountry "NOR"]
[SourceTitle "playchess.com"]
[Source "ChessBase"]
[SourceQuality "1"]
[TimeControl "5400+30"]

1. c4 {[%emt 0:00:00]} c5 {[%emt 0:00:00]} 2. g3 {[%emt 0:00:00]} Nc6 {[%emt 0:00:00]} 3. Nc3 {[%emt 0:00:41]} g6 {[%emt 0:00:12]} 4. Bg2 {[%emt 0:00:38]} Bg7 {[%emt 0:00:05]} 5. Nf3 {[%emt 0:01:23]} e6 {[%emt 0:00:10]} 6. e4 {[%emt 0:03:11]} Nge7 {[%emt 0:00:15]} 7. O-O {[%emt 0:00:56]} O-O {[%emt 0:00:17]} 8. Ne1 {[%emt 0:04:20]} a6 {[%emt 0:04:31]} 9. a3 {[%emt 0:06:03]} Rb8 {[%emt 0:00:42]} 10. Nc2 {[%emt 0:03:40]} b5 {[%emt 0:08:44]} 11. cxb5 {[%emt 0:22:40]} axb5 {[%emt 0:00:05]} 12. b4 {[%emt 0:00:16]} d5 {[%emt 0:05:35]} 13. exd5 {[%emt 0:08:46]} exd5 {[%emt 0:00:27]} 14. Rb1 {[%emt 0:01:09]} c4 {[%emt 0:03:48]} 15. a4 {[%emt 0:05:12]} bxa4 {[%emt 0:01:02]} 16. b5 {[%emt 0:01:30]} Na7 {[%emt 0:10:04]} 17. Ba3 {[%emt 0:03:57]} Bxc3 {[%emt 0:04:29]} 18. dxc3 {[%emt 0:00:08]} Nxb5 {[%emt 0:00:24]} 19. Bb4 {[%emt 0:12:28]} Be6 {[%emt 0:01:43]} 20. Ra1 {[%emt 0:01:12]} Qd7 {[%emt 0:01:56]} 21. Ne3 {[%emt 0:01:05]} Rfd8 {[%emt 0:01:09]} 22. Qxa4 {[%emt 0:02:08]} Nc6 {[%emt 0:02:28]} 23. Rfd1 {[%emt 0:01:50]} Nxb4 {[%emt 0:02:56]} 24. Qxb4 {[%emt 0:00:07]} Nd4 {[%emt 0:03:16]} 25. Qa3 {[%emt 0:08:50]} Rb3 {[%emt 0:01:58]} 26. Qa2 {[%emt 0:00:09]} Nb5 {[%emt 0:04:33]} 27. Nxd5 {[%emt 0:01:28]} Bxd5 {[%emt 0:04:10]} 28. Bxd5 {[%emt 0:01:05]} Qc7 {[%emt 0:01:56]} 29. Qd2 {[%emt 0:04:39]} Kg7 {[%emt 0:11:33]} 30. Ra4 {[%emt 0:02:10]} Qe5 {[%emt 0:03:46]} 31. Rxc4 {[%emt 0:02:14]} Nxc3 {[%emt 0:04:30]} 32. Rd4 {[%emt 0:00:24]} Ne2+ {[%emt 0:00:36]} 33. Kf1 {[%emt 0:00:15]} Nxd4 {[%emt 0:00:03]} 34. Bxb3 {[%emt 0:00:34]} Qe4 {[%emt 0:00:34]} 35. f4 {[%emt 0:02:22]} 0-1

[Event "Kragero Resort Chess A 2019"]
[Site "Kragero"]
[Date "2019.02.21"]
[Round "2.25"]
[White "Rishovd, Svein"]
[Black "Gudmundsson, Bjorgvin S"]
[Result "0-1"]
[WhiteElo "2116"]
[BlackElo "1941"]
[Annotator "NA"]
[PlyCount "132"]
[EventDate "2019.02.20"]
[EventType "swiss"]
[EventCountry "NOR"]
[SourceTitle "playchess.com"]
[Source "ChessBase"]
[SourceQuality "1"]
[TimeControl "5400+30"]

1. Nf3 {[%emt 0:00:00]} d5 {[%emt 0:02:50]} 2. e3 {[%emt 0:00:03]} Nf6 {[%emt 0:00:45]} 3. c4 {[%emt 0:00:39]} c6 {[%emt 0:00:25]} 4. b3 {[%emt 0:00:36]} Bf5 {[%emt 0:01:09]} 5. Bb2 {[%emt 0:00:40]} e6 {[%emt 0:00:14]} 6. Be2 {[%emt 0:01:02]} Be7 {[%emt 0:01:37]} 7. O-O {[%emt 0:00:09]} O-O {[%emt 0:00:02]} 8. Nh4 {[%emt 0:01:56]} Bg6 {[%emt 0:02:33]} 9. Nxg6 {[%emt 0:01:59]} hxg6 {[%emt 0:00:05]} 10. d4 {[%emt 0:00:56]} Nbd7 {[%emt 0:00:34]} 11. Nc3 {[%emt 0:00:30]} a6 {[%emt 0:18:35]} 12. f3 {[%emt 0:03:50]} c5 {[%emt 0:09:18]} 13. cxd5 {[%emt 0:08:26]} exd5 {[%emt 0:04:24]} 14. Qd2 {[%emt 0:05:46]} cxd4 {[%emt 0:08:36]} 15. exd4 {[%emt 0:00:06]} Bd6 {[%emt 0:01:08]} 16. Bd3 {[%emt 0:09:08]} Re8 {[%emt 0:02:41]} 17. Rfe1 {[%emt 0:02:17]} Qc7 {[%emt 0:01:10]} 18. Rxe8+ {[%emt 0:02:27]} Rxe8 {[%emt 0:00:02]} 19. g3 {[%emt 0:00:43]} Nf8 {[%emt 0:07:15]} 20. Ne2 {[%emt 0:06:40]} Qe7 {[%emt 0:03:12]} 21. Kf2 {[%emt 0:01:02]} Bb4 {[%emt 0:00:34]} 22. Bc3 {[%emt 0:01:15]} Bd6 {[%emt 0:00:24]} 23. Re1 {[%emt 0:01:02]} Nh5 {[%emt 0:03:46]} 24. Nc1 {[%emt 0:03:31]} Ne6 {[%emt 0:08:16]} 25. Bf1 {[%emt 0:01:16]} Rc8 {[%emt 0:00:19]} 26. Ne2 {[%emt 0:11:30]} Qf6 {[%emt 0:03:30]} 27. Qd3 {[%emt 0:05:57]} Qf5 {[%emt 0:07:29]} 28. Rd1 {[%emt 0:12:01]} Nf6 {[%emt 0:02:16]} 29. Qxf5 {[%emt 0:04:23]} gxf5 {[%emt 0:00:04]} 30. Bh3 {[%emt 0:02:07]} g6 {[%emt 0:00:14]} 31. Ke3 {[%emt 0:01:09]} Kg7 {[%emt 0:00:35]} 32. Kd3 {[%emt 0:00:00]} Rh8 {[%emt 0:00:32]} 33. Bg2 {[%emt 0:02:58]} Rxh2 {[%emt 0:00:07]} 34. Rg1 {[%emt 0:00:17]} Nh5 {[%emt 0:03:37]} 35. Be1 {[%emt 0:00:26]} Kf8 {[%emt 0:02:11]} 36. f4 {[%emt 0:06:22]} Nf6 {[%emt 0:01:55]} 37. Nc3 {[%emt 0:00:35]} Nc7 {[%emt 0:00:30]} 38. Bf3 {[%emt 0:00:29]} Ne4 {[%emt 0:00:29]} 39. Rg2 {[%emt 0:02:47]} Rh3 {[%emt 0:01:36]} 40. Ke2 {[%emt 0:01:07]} Rh1 {[%emt 0:01:17]} 41. Bd2 {[%emt 0:00:57]} Rh3 {[%emt 0:01:49]} 42. Be1 {[%emt 0:00:09]} Ke8 {[%emt 0:00:19]} 43. Rg1 {[%emt 0:00:20]} Rh2+ {[%emt 0:00:49]} 44. Rg2 {[%emt 0:00:06]} Rh1 {[%emt 0:00:07]} 45. Bd2 {[%emt 0:00:07]} a5 {[%emt 0:01:00]} 46. Nd1 {[%emt 0:00:18]} Bb4 {[%emt 0:00:21]} 47. Bxe4 {[%emt 0:02:37]} fxe4 {[%emt 0:00:39]} 48. Bxb4 {[%emt 0:00:17]} axb4 {[%emt 0:00:08]} 49. Kd2 {[%emt 0:00:57]} Ke7 {[%emt 0:00:58]} 50. Ne3 {[%emt 0:00:18]} Kd6 {[%emt 0:00:05]} 51. Nc2 {[%emt 0:00:09]} Nb5 {[%emt 0:01:36]} 52. Ke3 {[%emt 0:00:07]} Rc1 {[%emt 0:01:02]} 53. g4 {[%emt 0:01:26]} Rd1 {[%emt 0:00:39]} 54. Rd2 {[%emt 0:00:06]} Rg1 {[%emt 0:00:24]} 55. Nxb4 {[%emt 0:00:34]} Rxg4 {[%emt 0:00:10]} 56. Rc2 {[%emt 0:00:14]} Rg3+ {[%emt 0:00:31]} 57. Kf2 {[%emt 0:00:13]} Rf3+ {[%emt 0:00:14]} 58. Kg2 {[%emt 0:00:01]} Nxd4 {[%emt 0:00:19]} 59. Rd2 {[%emt 0:00:01]} Kc5 {[%emt 0:00:21]} 60. Nc2 {[%emt 0:00:58]} Nxc2 {[%emt 0:00:24]} 61. Rxc2+ {[%emt 0:00:01]} Kd6 {[%emt 0:00:38]} 62. Rc8 {[%emt 0:00:31]} Rxf4 {[%emt 0:00:11]} 63. Rd8+ {[%emt 0:00:08]} Kc6 {[%emt 0:00:07]} 64. Rc8+ {[%emt 0:00:08]} Kd7 {[%emt 0:00:08]} 65. Rb8 {[%emt 0:00:05]} Kc7 {[%emt 0:00:17]} 66. Re8 {[%emt 0:00:08]} d4 {[%emt 0:02:03]} 0-1

[Event "Kragero Resort Chess A 2019"]
[Site "Kragero"]
[Date "2019.02.21"]
[Round "2.26"]
[White "Fivelstad, Jon Olav"]
[Black "Abdrlauf, Elham"]
[Result "0-1"]
[WhiteElo "1900"]
[BlackElo "2105"]
[Annotator "NA"]
[PlyCount "56"]
[EventDate "2019.02.20"]
[EventType "swiss"]
[EventCountry "NOR"]
[SourceTitle "playchess.com"]
[Source "ChessBase"]
[SourceQuality "1"]
[TimeControl "5400+30"]

1. e4 {[%emt 0:00:00]} c6 {[%emt 0:00:00]} 2. Nf3 {[%emt 0:04:30]} d5 {[%emt 0:00:29]} 3. Nc3 {[%emt 0:00:07]} dxe4 {[%emt 0:00:32]} 4. Nxe4 {[%emt 0:00:23]} Nf6 {[%emt 0:00:10]} 5. Ng3 {[%emt 0:02:26]} h5 {[%emt 0:00:36]} 6. h4 {[%emt 0:00:38]} Bg4 {[%emt 0:00:51]} 7. Be2 {[%emt 0:06:16]} Nbd7 {[%emt 0:01:58]} 8. Ng5 {[%emt 0:07:34]} Bxe2 {[%emt 0:00:12]} 9. Qxe2 {[%emt 0:00:21]} e6 {[%emt 0:00:27]} 10. b3 {[%emt 0:03:35]} g6 {[%emt 0:07:14]} 11. Bb2 {[%emt 0:03:20]} Bg7 {[%emt 0:00:36]} 12. O-O-O {[%emt 0:05:16]} O-O {[%emt 0:03:54]} 13. Kb1 {[%emt 0:08:29]} a5 {[%emt 0:01:03]} 14. a3 {[%emt 0:00:57]} b5 {[%emt 0:08:10]} 15. f3 {[%emt 0:19:06]} a4 {[%emt 0:02:56]} 16. Rc1 {[%emt 0:08:10]} axb3 {[%emt 0:03:34]} 17. cxb3 {[%emt 0:00:12]} Qc7 {[%emt 0:00:37]} 18. Nxe6 {[%emt 0:05:34]} Qxg3 {[%emt 0:10:06]} 19. Nxg7 {[%emt 0:07:34]} Qd6 {[%emt 0:03:33]} 20. Nf5 gxf5 {[%emt 0:00:25]} 21. Qe3 {[%emt 0:04:40]} f4 {[%emt 0:01:03]} 22. Qc3 {[%emt 0:00:44]} c5 {[%emt 0:01:31]} 23. Qc2 {[%emt 0:00:54]} c4 {[%emt 0:02:37]} 24. bxc4 {[%emt 0:08:34]} bxc4 {[%emt 0:00:03]} 25. Qxc4 {[%emt 0:00:14]} Rfb8 {[%emt 0:00:31]} 26. Ka2 {[%emt 0:01:02]} Ne5 {[%emt 0:01:31]} 27. Qc5 {[%emt 0:01:28]} Rxb2+ {[%emt 0:00:14]} 28. Kxb2 {[%emt 0:00:13]} Nd3+ {[%emt 0:00:29]} 0-1

[Event "Kragero Resort Chess A 2019"]
[Site "Kragero"]
[Date "2019.02.21"]
[Round "2.27"]
[White "Lund, Terje"]
[Black "Boe, Oeyvind"]
[Result "1/2-1/2"]
[WhiteElo "2099"]
[BlackElo "1908"]
[Annotator "NA"]
[PlyCount "89"]
[EventDate "2019.02.20"]
[EventType "swiss"]
[EventCountry "NOR"]
[SourceTitle "playchess.com"]
[Source "ChessBase"]
[SourceQuality "1"]
[TimeControl "5400+30"]

1. d4 {[%emt 0:00:00]} Nf6 {[%emt 0:00:00]} 2. c4 {[%emt 0:00:00]} e6 {[%emt 0:00:01]} 3. Nf3 {[%emt 0:00:23]} b6 {[%emt 0:00:20]} 4. a3 {[%emt 0:00:57]} Bb7 {[%emt 0:00:08]} 5. Nc3 {[%emt 0:00:05]} d5 {[%emt 0:00:14]} 6. cxd5 {[%emt 0:00:31]} Nxd5 {[%emt 0:00:12]} 7. Qc2 {[%emt 0:00:05]} c5 {[%emt 0:00:37]} 8. e4 {[%emt 0:05:30]} Nxc3 {[%emt 0:04:24]} 9. bxc3 {[%emt 0:00:07]} Nd7 {[%emt 0:00:18]} 10. Bd3 {[%emt 0:04:12]} g6 {[%emt 0:00:20]} 11. O-O {[%emt 0:03:55]} Bg7 {[%emt 0:00:04]} 12. Bg5 {[%emt 0:07:47]} Qc7 {[%emt 0:03:39]} 13. Qd2 {[%emt 0:07:45]} O-O {[%emt 0:25:59]} 14. Bh6 {[%emt 0:07:39]} Rfd8 {[%emt 0:00:18]} 15. Bxg7 {[%emt 0:00:22]} Kxg7 {[%emt 0:00:03]} 16. Qe3 {[%emt 0:05:42]} Rac8 {[%emt 0:06:33]} 17. Rfd1 {[%emt 0:14:35]} Nf6 {[%emt 0:18:14]} 18. Rac1 {[%emt 0:04:12]} Qc6 {[%emt 0:01:28]} 19. Ne5 {[%emt 0:08:12]} Qa4 {[%emt 0:11:27]} 20. Qf4 {[%emt 0:05:47]} cxd4 {[%emt 0:02:12]} 21. g4 {[%emt 0:09:23]} Rf8 {[%emt 0:11:19]} 22. cxd4 {[%emt 0:02:38]} Qxd4 {[%emt 0:03:37]} 23. Rxc8 {[%emt 0:02:28]} Bxc8 {[%emt 0:00:13]} 24. Rc1 {[%emt 0:01:06]} Nd5 {[%emt 0:00:57]} 25. Qg3 {[%emt 0:01:41]} Nc3 {[%emt 0:02:15]} 26. Nc6 {[%emt 0:03:23]} Qc5 {[%emt 0:02:05]} 27. Qe5+ {[%emt 0:00:38]} Qxe5 {[%emt 0:00:06]} 28. Nxe5 {[%emt 0:00:02]} Na4 {[%emt 0:00:25]} 29. Rc7 {[%emt 0:01:24]} Nc5 {[%emt 0:00:23]} 30. Bc2 {[%emt 0:01:33]} Kf6 {[%emt 0:00:38]} 31. Nf3 {[%emt 0:02:10]} Bb7 {[%emt 0:03:56]} 32. g5+ {[%emt 0:00:47]} Kg7 {[%emt 0:00:02]} 33. Ne5 {[%emt 0:00:19]} Bxe4 {[%emt 0:00:50]} 34. Rxc5 {[%emt 0:01:03]} bxc5 {[%emt 0:00:07]} 35. Bxe4 {[%emt 0:00:04]} f5 {[%emt 0:01:08]} 36. gxf6+ {[%emt 0:00:36]} Rxf6 {[%emt 0:00:02]} 37. Nd7 {[%emt 0:00:17]} Rf7 {[%emt 0:01:04]} 38. Nxc5 {[%emt 0:00:08]} Kf6 {[%emt 0:00:04]} 39. Nd3 {[%emt 0:00:55]} e5 {[%emt 0:00:42]} 40. f3 {[%emt 0:00:37]} Rc7 {[%emt 0:00:23]} 41. Nb4 {[%emt 0:00:44]} Rc1+ {[%emt 0:00:46]} 42. Kg2 {[%emt 0:00:14]} Ra1 {[%emt 0:00:29]} 43. Nc2 {[%emt 0:00:13]} Ra2 {[%emt 0:00:15]} 44. Kf2 {[%emt 0:00:24]} Rb2 {[%emt 0:00:11]} 45. Kg3 {[%emt 0:00:59]} 1/2-1/2